[Event "RUS-ch Silent"]
[White "Skorobogatykh, Andrey"]
[Black "Malyuga, Valentin"]
[Site "Zelenograd"]
[Round "4"]
[Result "1/2-1/2"]
[Date "2015.06.04"]
[WhiteElo "2117"]
[BlackElo "2105"]
[PlyCount "60"]
[EventDate "2015.06.02"]
[EventType "swiss"]
[EventRounds "11"]
[EventCountry "RUS"]
[SourceTitle "EXT 2018"]
[Source "ChessBase"]
[SourceDate "2017.10.13"]
[SourceVersion "1"]
[SourceVersionDate "2017.10.13"]
[SourceQuality "1"]

1. e4 d5 2. exd5 Qxd5 3. Nc3 Qd6 4. d4 Nf6 5. Nf3 Bg4 6. h3 Bh5 7. g4 Bg6 8. Ne5 c6 9. Bc4 e6 10. h4 Nbd7 11. Nxd7 Qxd7 12. h5 Be4 13. Nxe4 Nxe4 14. c3 0-0-0 15. Qe2 Nd6 16. Bb3 Re8 17. Be3 f6 18. 0-0-0 Nf7 19. Rhe1 Bd6 20. Qc4 Nd8 21. d5 exd5 22. Rxd5 Qc7 23. Rdd1 b6 24. Qa6+ Kb8 25. Qc4 Nb7 26. Re2 Na5 27. Qa4 Nb7 28. Red2 Rxe3 29. fxe3 Re8 30. Rxd6 Nxd6 1/2-1/2

[Event "RUS-ch Silent"]
[White "Malyuga, Valentin"]
[Black "Varezhkin, Viktor"]
[Site "Zelenograd"]
[Round "3"]
[Result "1-0"]
[Date "2015.06.03"]
[WhiteElo "2105"]
[BlackElo "2255"]
[PlyCount "117"]
[EventDate "2015.06.02"]
[EventType "swiss"]
[EventRounds "11"]
[EventCountry "RUS"]
[SourceTitle "EXT 2018"]
[Source "ChessBase"]
[SourceDate "2017.10.13"]
[SourceVersion "1"]
[SourceVersionDate "2017.10.13"]
[SourceQuality "1"]

1. d4 Nf6 2. Nf3 d5 3. Bf4 c6 4. e3 Qb6 5. Qc1 Bf5 6. Be2 g6 7. 0-0 Bg7 8. c4 0-0 9. Nc3 Nbd7 10. c5 Qd8 11. b4 h6 12. Nh4 Bg4 13. Bxg4 Nxg4 14. Qd1 Ngf6 15. Bg3 Ne4 16. Nxe4 dxe4 17. Qc2 Nf6 18. Be5 e6 19. g3 g5 20. Ng2 Qd5 21. Qe2 Ne8 22. Bxg7 Nxg7 23. h4 f5 24. hxg5 hxg5 25. f3 exf3 26. Qxf3 Rf7 27. Qxd5 exd5 28. a4 Nh5 29. Kf2 Nf6 30. Rh1 Kg7 31. b5 Re8 32. Kf3 Ne4 33. Rh5 g4+ 34. Kf4 Nf2 35. Kg5 Nh3+ 36. Kh4 Rh8 37. Nf4 Rxh5+ 38. Nxh5+ Kh6 39. Rf1 Ng5 40. Nf4 Rh7 41. bxc6 Nh3 42. cxb7 Nxf4 43. gxf4 Kg6+ 44. Kg3 Rxb7 45. c6 Rc7 46. Rc1 Kf6 47. Rh1 Kg6 48. Rc1 Kf6 49. Kh4 Ke6 50. Kg5 g3 51. Kh4 g2 52. Kh3 Rg7 53. Kh2 Kd6 54. c7 g1Q+ 55. Rxg1 Rh7+ 56. Kg2 Kxc7 57. Kf3 Kd7 58. Rg5 Rf7 59. Rg6 1-0

[Event "WchT Silent"]
[White "Malyuga, Valentin"]
[Black "Ninov, Nikolay"]
[Site "Opatija"]
[Round "8.1"]
[Result "0-1"]
[Date "2014.06.26"]
[WhiteElo "2132"]
[BlackElo "1961"]
[PlyCount "70"]
[EventDate "2014.06.19"]
[EventType "team-swiss"]
[EventRounds "9"]
[EventCountry "CRO"]
[SourceTitle "CBM 161 Extra"]
[Source "ChessBase"]
[SourceDate "2014.08.29"]
[SourceVersion "1"]
[SourceVersionDate "2014.08.29"]
[SourceQuality "1"]
[WhiteTeam "Russia"]
[BlackTeam "Bulgaria"]
[WhiteTeamCountry "RUS"]
[BlackTeamCountry "BUL"]

1. Nf3 d5 2. g3 Nf6 3. Bg2 Bf5 4. 0-0 e6 5. d3 Nbd7 6. Bf4 Be7 7. c3 c6 8. Nbd2 Nh5 9. Be3 e5 10. h3 Be6 11. g4 Nf4 12. Bxf4 exf4 13. Nd4 h5 14. Nxe6 fxe6 15. gxh5 Qc7 16. c4 0-0-0 17. cxd5 exd5 18. Rc1 Qe5 19. Nf3 Qxh5 20. Qa4 g5 21. Qxa7 g4 22. Nd4 Nb8 23. Nxc6 Nxc6 24. Rxc6+ bxc6 25. Qxe7 f3 26. Qe6+ Kc7 27. Rc1 Qe8 28. Qxe8 Rdxe8 29. exf3 gxh3 30. Bf1 h2+ 31. Kh1 Reg8 32. Be2 Rg7 33. d4 Rhg8 34. Rc3 Rg1+ 35. Kxh2 R1g2+ 0-1

[Event "WchT Silent"]
[White "Wagner, Peter"]
[Black "Malyuga, Valentin"]
[Site "Opatija"]
[Round "5.6"]
[Result "0-1"]
[Date "2014.06.23"]
[WhiteElo "1844"]
[BlackElo "2132"]
[PlyCount "66"]
[EventDate "2014.06.19"]
[EventType "team-swiss"]
[EventRounds "9"]
[EventCountry "CRO"]
[SourceTitle "CBM 161 Extra"]
[Source "ChessBase"]
[SourceDate "2014.08.29"]
[SourceVersion "1"]
[SourceVersionDate "2014.08.29"]
[SourceQuality "1"]
[WhiteTeam "Switzerland"]
[BlackTeam "Russia"]
[WhiteTeamCountry "SUI"]
[BlackTeamCountry "RUS"]

1. e4 g6 2. d4 Bg7 3. Be3 d6 4. Nc3 c6 5. Bd3 b5 6. a3 Nd7 7. f4 a6 8. Nf3 c5 9. 0-0 cxd4 10. Bxd4 Bxd4+ 11. Nxd4 Qb6 12. Nce2 e5 13. fxe5 dxe5 14. c3 exd4 15. cxd4 Ne7 16. Kh1 0-0 17. Rc1 Bb7 18. Bb1 Rac8 19. Rxc8 Nxc8 20. Qb3 Nd6 21. e5 Nc4 22. Qh3 Nd2 23. Rg1 Nxb1 24. Rxb1 Qe6 25. Qe3 Rc8 26. Nf4 Qf5 27. Re1 g5 28. Nh3 h6 29. Kg1 Rc2 30. Re2 Nf8 31. Nf2 Rxe2 32. Qxe2 Ne6 33. Qd2 Qf4 0-1

[Event "Zelenograd Summer Silent op"]
[White "Malyuga, Valentin"]
[Black "Shajakhmetov, Linat"]
[Site "Zelenograd"]
[Round "7"]
[Result "1/2-1/2"]
[Date "2014.06.12"]
[WhiteElo "2132"]
[BlackElo "2079"]
[PlyCount "40"]
[EventDate "2014.06.04"]
[EventType "swiss"]
[EventRounds "9"]
[EventCountry "RUS"]
[SourceTitle "CBM 161 Extra"]
[Source "ChessBase"]
[SourceDate "2014.08.29"]
[SourceVersion "1"]
[SourceVersionDate "2014.08.29"]
[SourceQuality "1"]

1. Nf3 d5 2. d4 Nf6 3. Bf4 c5 4. e3 Nc6 5. c3 Qb6 6. Qb3 c4 7. Qxb6 axb6 8. Nbd2 Bf5 9. Ne5 Nxe5 10. Bxe5 Nd7 11. Bg3 b5 12. f3 Nf6 13. Bh4 e6 14. Bxf6 gxf6 15. e4 Bg6 16. exd5 exd5 17. g3 b4 18. Bg2 bxc3 19. bxc3 Ra3 20. Nb1 Ra5 1/2-1/2

[Event "Zelenograd Spring Silent op"]
[White "Malyuga, Valentin"]
[Black "Gerasimova, Olga"]
[Site "Zelenograd"]
[Round "7"]
[Result "1/2-1/2"]
[Date "2014.03.09"]
[WhiteElo "2163"]
[BlackElo "2078"]
[PlyCount "76"]
[EventDate "2014.03.02"]
[EventType "swiss"]
[EventRounds "9"]
[EventCountry "RUS"]
[SourceTitle "EXT 2016"]
[Source "ChessBase"]
[SourceDate "2015.10.08"]
[SourceVersion "1"]
[SourceVersionDate "2015.10.08"]
[SourceQuality "1"]

1. Nf3 Nf6 2. d4 d5 3. Bf4 c5 4. c3 e6 5. e3 cxd4 6. exd4 Nc6 7. Bd3 Bd6 8. Bxd6 Qxd6 9. 0-0 0-0 10. Re1 g6 11. Ne5 Nd7 12. Qe2 Re8 13. h4 Qe7 14. g3 Kg7 15. Nd2 f6 16. Nxc6 bxc6 17. Nf3 e5 18. dxe5 Nxe5 19. Nh2 Be6 20. Bc2 Qd7 21. b3 Ng4 22. Qd2 Bf5 23. Nxg4 Bxg4 24. Rxe8 Rxe8 25. Re1 Rxe1+ 26. Qxe1 Qe6 27. Qxe6 Bxe6 28. b4 d4 29. cxd4 Bxa2 30. f4 Bd5 31. Kf2 h6 32. g4 g5 33. Kg3 Kf7 34. hxg5 hxg5 35. Bf5 Ke7 36. fxg5 fxg5 37. Kf2 Kd6 38. Ke3 Bc4 1/2-1/2

[Event "Zelenograd Spring Silent op"]
[White "Petrenko, Mikhail"]
[Black "Malyuga, Valentin"]
[Site "Zelenograd"]
[Round "2"]
[Result "0-1"]
[Date "2014.03.04"]
[WhiteElo "1673"]
[BlackElo "2163"]
[PlyCount "72"]
[EventDate "2014.03.02"]
[EventType "swiss"]
[EventRounds "9"]
[EventCountry "RUS"]
[SourceTitle "EXT 2016"]
[Source "ChessBase"]
[SourceDate "2015.10.08"]
[SourceVersion "1"]
[SourceVersionDate "2015.10.08"]
[SourceQuality "1"]

1. e4 g6 2. Nc3 Bg7 3. Nge2 c5 4. d3 Nc6 5. Be3 Nd4 6. Qd2 Qa5 7. Nxd4 cxd4 8. Nd5 Qd8 9. Bf4 d6 10. c4 dxc3 11. Nxc3 Bd7 12. d4 Rc8 13. Be3 a6 14. Be2 e6 15. 0-0 Ne7 16. Rac1 0-0 17. f4 f5 18. e5 Bc6 19. Rfd1 Qd7 20. Qe1 b5 21. b4 Nd5 22. Nxd5 Bxd5 23. Qf2 Bc4 24. Bxc4 Rxc4 25. a3 Rfc8 26. Qd2 d5 27. h3 Bf8 28. Rxc4 Rxc4 29. Rc1 Qc6 30. Kf2 Kf7 31. Ke2 a5 32. bxa5 Bxa3 33. Rxc4 dxc4 34. Kd1 b4 35. Qa2 Qa4+ 36. Ke2 b3 0-1

[Event "Zelenograd Spring Silent op"]
[White "Malyuga, Valentin"]
[Black "Skorobogatykh, Andrey"]
[Site "Zelenograd"]
[Round "1"]
[Result "0-1"]
[Date "2014.03.02"]
[WhiteElo "2163"]
[BlackElo "2015"]
[PlyCount "102"]
[EventDate "2014.03.02"]
[EventType "swiss"]
[EventRounds "9"]
[EventCountry "RUS"]
[SourceTitle "EXT 2016"]
[Source "ChessBase"]
[SourceDate "2015.10.08"]
[SourceVersion "1"]
[SourceVersionDate "2015.10.08"]
[SourceQuality "1"]

1. d4 b6 2. Nf3 Bb7 3. e3 e6 4. Bd3 Nf6 5. Nbd2 Be7 6. 0-0 0-0 7. c3 d5 8. Ne5 c5 9. Qf3 Nbd7 10. Qh3 Qc7 11. f4 Ne4 12. Ndf3 Ndf6 13. g4 g6 14. g5 Nh5 15. Ng4 Rae8 16. Nh6+ Kg7 17. Ne5 f6 18. gxf6+ Bxf6 19. Nhg4 Be7 20. Bxe4 dxe4 21. Rf2 Rf5 22. Bd2 Bf8 23. Rg2 Kh8 24. Nxg6+ hxg6 25. Ne5 Bh6 26. Nxg6+ Kh7 27. Ne5 Rg8 28. Rxg8 Kxg8 29. Kf2 cxd4 30. Rg1+ Bg7 31. exd4 Nxf4 32. Bxf4 Rxf4+ 33. Ke3 Qxe5 34. dxe5 Rf3+ 35. Qxf3 exf3 36. Kf4 Kf7 37. Rd1 Ke7 38. c4 Bh6+ 39. Kg3 Be3 40. h4 Be4 41. h5 f2 42. b3 Bc6 43. Rf1 Kf7 44. Rxf2+ Bxf2+ 45. Kxf2 Kg7 46. Ke3 Kh6 47. Kd4 Kxh5 48. a4 Kg5 49. a5 Kf5 50. b4 Bg2 51. a6 Bf1 0-1

[Event "Aleksin Autumn Silent"]
[White "Malyuga, Valentin"]
[Black "Okrugin, Alexander"]
[Site "Aleksin"]
[Round "6"]
[Result "1/2-1/2"]
[Date "2013.10.15"]
[WhiteElo "2162"]
[BlackElo "2040"]
[PlyCount "60"]
[EventDate "2013.10.10"]
[EventType "tourn"]
[EventRounds "9"]
[EventCountry "RUS"]
[SourceTitle "EXT 2018"]
[Source "ChessBase"]
[SourceDate "2017.10.13"]
[SourceVersion "1"]
[SourceVersionDate "2017.10.13"]
[SourceQuality "1"]

1. Nf3 d5 2. d4 e6 3. g3 Nf6 4. Bg2 Be7 5. 0-0 0-0 6. c4 b6 7. cxd5 Nxd5 8. e4 Nf6 9. Nc3 Bb7 10. Ne5 Nbd7 11. Nd3 c5 12. d5 exd5 13. exd5 Bd6 14. Bf4 Ne8 15. Re1 Ndf6 16. Ne5 a6 17. a4 Qc7 18. Qf3 Nd7 19. Nc4 Bxf4 20. Qxf4 Qxf4 21. gxf4 f5 22. Re7 Rf7 23. Rae1 Kf8 24. d6 Bxg2 25. Rxf7+ Kxf7 26. Kxg2 Nef6 27. Kf3 Re8 28. Re3 g6 29. h3 Kf8 30. Ne5 Nb8 1/2-1/2

[Event "RUS-ch Silent"]
[White "Skorobogatykh, Andrey"]
[Black "Malyuga, Valentin"]
[Site "Zelenograd"]
[Round "11"]
[Result "0-1"]
[Date "2013.10.02"]
[WhiteElo "1987"]
[BlackElo "2162"]
[PlyCount "58"]
[EventDate "2013.09.22"]
[EventType "swiss"]
[EventRounds "11"]
[EventCountry "RUS"]
[SourceTitle "EXT 2016"]
[Source "ChessBase"]
[SourceDate "2015.10.08"]
[SourceVersion "1"]
[SourceVersionDate "2015.10.08"]
[SourceQuality "1"]

1. e4 d5 2. exd5 Qxd5 3. Nc3 Qd6 4. d4 Nf6 5. Nf3 Bg4 6. Bc4 e6 7. h3 Bh5 8. g4 Bg6 9. Ne5 c6 10. Bf4 Qb4 11. Qd2 Nbd7 12. a3 Nxe5 13. dxe5 Qxc4 14. exf6 Rd8 15. fxg7 Bxg7 16. Qe3 Bd4 17. Qg3 Bxc3+ 18. Qxc3 Qe4+ 19. Be3 Qxh1+ 20. Ke2 Qxa1 21. Qxh8+ Kd7 22. Qe5 Kc8 23. f3 Qd1+ 24. Kf2 Qxc2+ 25. Kg3 Qe2 26. Qc5 Rd3 27. Qf8+ Kd7 28. Bc5 Qxf3+ 29. Kh4 Qf6+ 0-1

[Event "RUS-ch Silent"]
[White "Malyuga, Valentin"]
[Black "Ivanov, Roman"]
[Site "Zelenograd"]
[Round "3"]
[Result "1/2-1/2"]
[Date "2013.09.24"]
[WhiteElo "2162"]
[BlackElo "2030"]
[PlyCount "76"]
[EventDate "2013.09.22"]
[EventType "swiss"]
[EventRounds "11"]
[EventCountry "RUS"]
[SourceTitle "EXT 2016"]
[Source "ChessBase"]
[SourceDate "2015.10.08"]
[SourceVersion "1"]
[SourceVersionDate "2015.10.08"]
[SourceQuality "1"]

1. d4 Nf6 2. Nf3 g6 3. g3 Bg7 4. Bg2 d6 5. 0-0 0-0 6. c4 c6 7. Nc3 Bg4 8. h3 Bxf3 9. Bxf3 Nbd7 10. Qb3 Qb6 11. Be3 Qxb3 12. axb3 a6 13. b4 Rad8 14. Ne4 Nxe4 15. Bxe4 Nf6 16. Bf3 e5 17. dxe5 dxe5 18. Bc5 Rfe8 19. Rad1 Bf8 20. Bxf8 Kxf8 21. e3 Ke7 22. Rxd8 Rxd8 23. Rd1 Rxd1+ 24. Bxd1 Kd6 25. c5+ Ke7 26. Bb3 Nd5 27. Bxd5 cxd5 28. Kf1 Kd7 29. Ke2 Kc6 30. Kd3 Kb5 31. Kc3 a5 32. bxa5 Kxa5 33. f4 f6 34. b4+ Kb5 35. Kb3 e4 36. Kc3 h6 37. g4 f5 38. gxf5 gxf5 1/2-1/2

[Event "RUS-ch Silent"]
[White "Katorgin, Sergey"]
[Black "Malyuga, Valentin"]
[Site "Zelenograd"]
[Round "2"]
[Result "0-1"]
[Date "2013.09.23"]
[WhiteElo "2004"]
[BlackElo "2162"]
[PlyCount "122"]
[EventDate "2013.09.22"]
[EventType "swiss"]
[EventRounds "11"]
[EventCountry "RUS"]
[SourceTitle "EXT 2016"]
[Source "ChessBase"]
[SourceDate "2015.10.08"]
[SourceVersion "1"]
[SourceVersionDate "2015.10.08"]
[SourceQuality "1"]

1. d4 g6 2. g3 Bg7 3. Bg2 c5 4. dxc5 Qa5+ 5. c3 Qxc5 6. Nf3 Nf6 7. Nbd2 0-0 8. 0-0 d6 9. Qc2 Nc6 10. Ne4 Qh5 11. Nxf6+ Bxf6 12. Re1 Bg4 13. Qd3 Rfd8 14. Qe3 d5 15. Nd4 e5 16. Nxc6 bxc6 17. f3 Bd7 18. Bd2 d4 19. Qe4 Rac8 20. f4 Bf5 21. Qf3 e4 22. Qxh5 gxh5 23. e3 d3 24. h3 Re8 25. Kh2 Kh8 26. Rf1 Rg8 27. Rab1 c5 28. c4 Rb8 29. b4 cxb4 30. Bxb4 Rgd8 31. Bd2 Rdc8 32. g4 hxg4 33. hxg4 Bxg4 34. Bxe4 Be2 35. Bd5 Rxb1 36. Rxb1 Rc7 37. Ba5 Rd7 38. Rb7 Rxb7 39. Bxb7 d2 40. Bxd2 Bxc4 41. a4 Bb2 42. Kg3 Kg7 43. e4 Bd4 44. Kf3 Bb3 45. a5 Bd1+ 46. Kg3 f6 47. Be1 h5 48. Bf2 h4+ 49. Kg2 h3+ 50. Kxh3 Bxf2 51. e5 f5 52. Kg2 Be1 53. a6 Be2 54. Bc8 Bd3 55. Kf3 Be4+ 56. Ke3 Ba5 57. Be6 Bb6+ 58. Ke2 Kh6 59. Bc4 Kh5 60. Bd3 Kg4 61. e6 Bc5 0-1

[Event "Zelenograd Silent op"]
[White "Malyuga, Valentin"]
[Black "Petrov, Alexey"]
[Site "Zelenograd"]
[Round "5"]
[Result "1/2-1/2"]
[Date "2013.06.07"]
[WhiteElo "2160"]
[BlackElo "2015"]
[PlyCount "118"]
[EventDate "2013.06.02"]
[EventType "swiss"]
[EventRounds "9"]
[EventCountry "RUS"]
[SourceTitle "EXT 2015"]
[Source "ChessBase"]
[SourceDate "2014.11.20"]
[SourceVersion "1"]
[SourceVersionDate "2014.11.20"]
[SourceQuality "1"]

1. c4 Nf6 2. Nc3 g6 3. g3 Bg7 4. Bg2 0-0 5. Nf3 d6 6. d4 Nc6 7. d5 Na5 8. Nd2 c5 9. 0-0 a6 10. e4 e5 11. dxe6 Bxe6 12. Nd5 Bxd5 13. cxd5 Rb8 14. a3 b5 15. b4 Nb7 16. Rb1 c4 17. Bb2 a5 18. Re1 axb4 19. axb4 Nd7 20. Bxg7 Kxg7 21. Nf3 Qb6 22. Qd4+ Qxd4 23. Nxd4 Nd8 24. f4 Re8 25. Ra1 Rb6 26. Ra5 Nb7 27. Rxb5 Rxb5 28. Nxb5 Ra8 29. e5 Ra4 30. e6 Nf6 31. e7 Ne8 32. Rb1 Kf6 33. Bf1 Kxe7 34. Bxc4 Nf6 35. Nd4 Ne4 36. Bb5 Ra2 37. Re1 f5 38. Bd3 Rd2 39. Nc6+ Kd7 40. Re3 Kc7 41. g4 Nd8 42. gxf5 gxf5 43. Ne7 Nf6 44. Bxf5 Nxd5 45. Nxd5+ Rxd5 46. Re7+ Kb6 47. Bxh7 Rd1+ 48. Kg2 Nc6 49. Re8 Nxb4 50. Be4 d5 51. Bf3 Rd2+ 52. Kg3 Kc7 53. f5 Kd7 54. Re1 Nd3 55. Rd1 Rxd1 56. Bxd1 Ke7 57. Be2 Ne5 58. Kf4 Kf6 59. h4 Nf7 1/2-1/2